000 00471nam a22001697a 4500
005 20240719142545.0
008 240719b |||||||| |||| 00| 0 eng d
022 _a00382396
041 _aEnglish
082 _a349 SOU
100 _lEnglish
245 _aSouth African Law Reports
260 _aCape Town:
_bJuta and Company Ltd,
_c1996
300 _bcxix, 1227 pages;
_c26 cm.
650 _aLegal practice
_bLaw
942 _cBK
_6ALISON_BN_VRIES
999 _c2210
_d2210